00645nam a2200229Ia 4500008004100000020001800041100002200059245002300081245006400104260001500168260002000183260000900203300002600212300002700238300001100265500005800276650001300334650001600347650002200363650002200385700000800407160803s9999 xx 000 0 und d a9780439744065 aCapucilli, Alyssa aBiscuit's picnic / cstory by Alyssa Satin Capucilli ; pictures by Pat Schories. aNew York : bScholastic Inc. c1998 a1 volume (unpaged) :  bcolor illustrations ;  c24 cm. aOriginally published: New York : HarperCollins, 1998. aDogs --  aPicnics --  xJuvenile fiction. xJuvenile fiction. a190